<?xml version="1.0" encoding="UTF-8"?>
<record
    xmlns:xsi="http://www.w3.org/2001/XMLSchema-instance"
    xsi:schemaLocation="http://www.loc.gov/MARC21/slim http://www.loc.gov/standards/marcxml/schema/MARC21slim.xsd"
    xmlns="http://www.loc.gov/MARC21/slim">

  <leader>01331namaa22003251i 4500</leader>
  <controlfield tag="005">20260408113342.0</controlfield>
  <controlfield tag="008">260408s1995    u  a|||fr|m|| 000 0 eng d</controlfield>
  <datafield tag="040" ind1=" " ind2=" ">
    <subfield code="a">EG-GICUC</subfield>
    <subfield code="b">eng</subfield>
    <subfield code="c">EG-GICUC</subfield>
    <subfield code="d">EG-GICUC</subfield>
    <subfield code="e">rda</subfield>
  </datafield>
  <datafield tag="041" ind1="0" ind2=" ">
    <subfield code="a">eng</subfield>
    <subfield code="b">eng</subfield>
    <subfield code="b">ara</subfield>
  </datafield>
  <datafield tag="049" ind1=" " ind2=" ">
    <subfield code="a">Deposit</subfield>
  </datafield>
  <datafield tag="097" ind1=" " ind2=" ">
    <subfield code="a">M.Sc</subfield>
  </datafield>
  <datafield tag="099" ind1=" " ind2=" ">
    <subfield code="a">Cai01.11.24.M.Sc.1995.Hi.C</subfield>
  </datafield>
  <datafield tag="100" ind1="0" ind2=" ">
    <subfield code="a">Hisham M .Hosny Abd El-Rahman , </subfield>
    <subfield code="e">preparation.</subfield>
  </datafield>
  <datafield tag="245" ind1="1" ind2="0">
    <subfield code="a">Craniofacial anomalies /</subfield>
    <subfield code="c">By Hisham M .Hosny Abd El-Rahman ; Supervised. Prof. Dr. Taha M. El-Shewy , Prof. Dr. Mahmoud Abou Steit ,  Prof. Dr. Mohsen Salem , </subfield>
    <subfield code="b">Remainder of title / </subfield>
  </datafield>
  <datafield tag="246" ind1="1" ind2="5">
    <subfield code="a">&#x627;&#x644;&#x639;&#x64A;&#x648;&#x628; &#x627;&#x644;&#x62E;&#x644;&#x642;&#x64A;&#x629; &#x627;&#x644;&#x648;&#x62C;&#x647;&#x62C;&#x645;&#x62C;&#x645;&#x64A;&#x629; </subfield>
  </datafield>
  <datafield tag="264" ind1=" " ind2="0">
    <subfield code="c">2023.</subfield>
  </datafield>
  <datafield tag="300" ind1=" " ind2=" ">
    <subfield code="a"> 104 Leaves :</subfield>
    <subfield code="b">illustrations ;</subfield>
    <subfield code="c">30 cm. + </subfield>
  </datafield>
  <datafield tag="336" ind1=" " ind2=" ">
    <subfield code="2">rda content</subfield>
    <subfield code="a">text</subfield>
  </datafield>
  <datafield tag="337" ind1=" " ind2=" ">
    <subfield code="2">rdamedia</subfield>
    <subfield code="a">Unmediated</subfield>
  </datafield>
  <datafield tag="338" ind1=" " ind2=" ">
    <subfield code="2">rdacarrier</subfield>
    <subfield code="a">volume</subfield>
  </datafield>
  <datafield tag="502" ind1=" " ind2=" ">
    <subfield code="a"> Thesis (M.Sc.) -Cairo University, 1995</subfield>
  </datafield>
  <datafield tag="504" ind1=" " ind2=" ">
    <subfield code="a">Bibliography: pages  93 : 104</subfield>
  </datafield>
  <datafield tag="653" ind1=" " ind2="0">
    <subfield code="a">Craniofacial anomalies</subfield>
  </datafield>
  <datafield tag="700" ind1="0" ind2=" ">
    <subfield code="a">Taha M. El-Shewy</subfield>
    <subfield code="e">thesis advisor.</subfield>
  </datafield>
  <datafield tag="700" ind1="0" ind2=" ">
    <subfield code="a">Mahmoud Abou Steit</subfield>
    <subfield code="e">thesis advisor.</subfield>
  </datafield>
  <datafield tag="700" ind1="0" ind2=" ">
    <subfield code="a">Mohsen Salem</subfield>
    <subfield code="e">thesis advisor.</subfield>
  </datafield>
  <datafield tag="900" ind1=" " ind2=" ">
    <subfield code="D"> Department of Oothalmology </subfield>
    <subfield code="F">Faculty of Medicine</subfield>
    <subfield code="U"> Cairo University</subfield>
    <subfield code="b">1995</subfield>
    <subfield code="c">Taha M. El-Shewy</subfield>
    <subfield code="c">Mahmoud Abou Steit</subfield>
    <subfield code="c">Mohsen Salem</subfield>
    <subfield code="d">Taha M. El-Shewy</subfield>
  </datafield>
  <datafield tag="905" ind1=" " ind2=" ">
    <subfield code="a">Nagat</subfield>
  </datafield>
  <datafield tag="942" ind1=" " ind2=" ">
    <subfield code="2">ddc</subfield>
    <subfield code="c">TH</subfield>
    <subfield code="e">21</subfield>
    <subfield code="n">0</subfield>
  </datafield>
  <datafield tag="999" ind1=" " ind2=" ">
    <subfield code="c">179300</subfield>
  </datafield>
  <datafield tag="952" ind1=" " ind2=" ">
    <subfield code="2">ddc</subfield>
    <subfield code="9">316278</subfield>
    <subfield code="a">CUCL</subfield>
    <subfield code="b">100</subfield>
    <subfield code="d">2026-04-08</subfield>
    <subfield code="i">26665</subfield>
    <subfield code="o">Cai01.11.24.M.Sc.1995.Hi.C</subfield>
    <subfield code="p">01010110026665000</subfield>
    <subfield code="r">2026-04-08 11:35:21</subfield>
    <subfield code="w">2026-04-08</subfield>
    <subfield code="y">TH</subfield>
  </datafield>
</record>
